000 00356nam a22001457a 4500
020 _a023104366x
082 _a330FLE
100 _aFleming, Marcus
245 _aEssays on economic policy
260 _aNew York
_bColumbia press
_c1978
300 _axxvi,381p
_bill,:25cm
650 _aEssays on economic policy
700 _aFleming, Marcus
942 _cBK
999 _c14350
_d14350